Parole che iniziano con la "L" - Statistics

Statistiche generali
  • Questo quiz è stato fatto 299 volte
  • Il punteggio medio è 11 su 15
Statistiche sulle risposte
INDIZIO RISPOSTA % Corretto
Animale noto per lo sputare Lama
99%
La capitale del Portogallo Lisbona
98%
Piatto tipico bolognese formato da più strati di pasta con besciamella e ragù Lasagna
97%
Pc portatile Laptop
94%
Cattolico credente che non appartiene allo stato ecclesiastico Laico
88%
Disaccaride contenuto nel latte Lattosio
88%
Materia che si studia nei licei Latino
87%
Malattia infettiva, molto diffusa nel Medioevo, che causava mutilazioni al corpo Lebbra
74%
Grandi mancanze di informazioni, parole o nozioni Lacune
69%
Grassi che non si sciolgono in acqua, a cui appartengono anche le vitamine Lipidi
68%
Paese nella penisola del Siam Laos
63%
Stato degli Usa che confina con il Texas Louisiana
60%
Band che ha fatto "In the End" Linkin Park
48%
Traduci "faticare" dal dialetto napoletano Lavorare
43%
Moneta dell'Albania Lek
25%
Nessun quiz corrispondente trovato
Distribuzione punteggi
Percentuale di utenti per punteggio
Percentile per numero di risposta
I tuoi punteggi nel tempo
Non hai fatto questo quiz